[Event "Zuerich Seniors op 07th"]
[Site "Zuerich"]
[Date "2009.02.03"]
[Round "7"]
[White "Zweifel, Heinz"]
[Black "Zuercher, Ulrich"]
[Result "0-1"]
[WhiteElo "1504"]
[BlackElo "1659"]
[PlyCount "58"]
[EventDate "2009.01.26"]
[EventType "swiss"]
[EventRounds "9"]
[EventCountry "SUI"]
[SourceTitle "EXT 2022"]
[Source "ChessBase"]
[SourceDate "2021.10.06"]
[SourceVersion "1"]
[SourceVersionDate "2021.10.06"]
[SourceQuality "1"]

1. e4 c5 2. Nf3 d6 3. d4 cxd4 4. Nxd4 Nc6 5. Be3 Bd7 6. Nc3 Nf6 7. Be2 Nxd4 8. Bxd4 e5 9. Be3 Be7 10. h3 0-0 11. 0-0 Bc6 12. Nd5 Nxd5 13. exd5 Bd7 14. c4 Bg5 15. Bd3 f5 16. f4 exf4 17. Bxf4 Bxf4 18. Rxf4 Qg5 19. Qf3 g6 20. Rf1 Rae8 21. g3 Qf6 22. b3 g5 23. Bxf5 gxf4 24. Qg4+ Kh8 25. Bxd7 Qd4+ 26. Kh2 Re3 27. Rxf4 Rxf4 28. Qxf4 Qd2+ 29. Qf2 Re2 0-1

[Event "Zuerich Seniors op 07th"]
[Site "Zuerich"]
[Date "2009.01.28"]
[Round "3"]
[White "Gehr, Hans"]
[Black "Zuercher, Ulrich"]
[Result "1-0"]
[WhiteElo "1782"]
[BlackElo "1659"]
[PlyCount "59"]
[EventDate "2009.01.26"]
[EventType "swiss"]
[EventRounds "9"]
[EventCountry "SUI"]
[SourceTitle "EXT 2022"]
[Source "ChessBase"]
[SourceDate "2021.10.06"]
[SourceVersion "1"]
[SourceVersionDate "2021.10.06"]
[SourceQuality "1"]

1. e4 c5 2. Nf3 d6 3. d4 cxd4 4. Nxd4 Nc6 5. Be3 Bd7 6. Nc3 a6 7. Be2 Nf6 8. f3 Nxd4 9. Bxd4 e5 10. Bf2 Be7 11. Qd2 Bc6 12. 0-0-0 0-0 13. Kb1 Qc7 14. g4 Rad8 15. h4 d5 16. g5 dxe4 17. Qe3 Nd5 18. Nxd5 Bxd5 19. fxe4 Be6 20. Qg3 Qa5 21. b3 Rd2 22. Be1 Rxd1+ 23. Bxd1 Qc7 24. Bc3 Bd6 25. Bb2 f5 26. gxf6 Rxf6 27. h5 Rf4 28. Re1 Qf7 29. h6 Qg6 30. Qd3 1-0

[Event "Zuerich Seniors op 4th"]
[Site "Zuerich"]
[Date "2006.01.30"]
[Round "6"]
[White "Zuercher, Ulrich"]
[Black "Nydegger, Charles"]
[Result "1/2-1/2"]
[WhiteElo "1601"]
[BlackElo "1771"]
[PlyCount "99"]
[EventDate "2006.01.23"]
[EventType "swiss"]
[EventRounds "9"]
[EventCountry "SUI"]
[SourceTitle "EXT 2007"]
[Source "ChessBase"]
[SourceDate "2006.11.23"]
[SourceVersion "1"]
[SourceVersionDate "2006.11.23"]
[SourceQuality "1"]

1. d4 d5 2. c4 Nf6 3. Nc3 c6 4. cxd5 cxd5 5. e3 e6 6. Bd3 Nc6 7. a3 Be7 8. Nf3 0-0 9. 0-0 a6 10. b4 e5 11. dxe5 Ng4 12. Nxd5 Ngxe5 13. Nxe7+ Qxe7 14. Be2 Qf6 15. Rb1 Bf5 16. Rb2 Be4 17. Nd4 Rad8 18. Rd2 Qg5 19. Nf3 Bxf3 20. Bxf3 Rxd2 21. Bxd2 Rd8 22. Bxc6 Nxc6 23. Qe2 Qd5 24. Bc3 h6 25. h3 Qb3 26. Qb2 Qxb2 27. Bxb2 Rd2 28. Rb1 b5 29. Kf1 Ne7 30. Bd4 Rc2 31. Rd1 Nc6 32. Bc5 a5 33. Rd6 axb4 34. axb4 Ne5 35. f4 Nc4 36. Rd8+ Kh7 37. Rb8 Nd2+ 38. Kg1 Rc1+ 39. Kh2 Nf1+ 40. Kg1 Nxe3+ 41. Kf2 Nd5 42. Rxb5 Nxf4 43. Kf3 Ne6 44. Be3 Rc4 45. Rb6 g5 46. Ke2 Rc2+ 47. Bd2 Rc8 48. Rb7 Kg8 49. Be3 Rc2+ 50. Bd2 1/2-1/2

[Event "Bern op"]
[Site "Bern"]
[Date "2004.02.13"]
[Round "4"]
[White "De Kalbermatten, Adrien"]
[Black "Zuercher, Ulrich"]
[Result "1-0"]
[WhiteElo "1842"]
[BlackElo "1630"]
[PlyCount "87"]
[EventDate "2004.02.??"]
[EventType "swiss"]
[EventRounds "7"]
[EventCountry "SUI"]
[SourceTitle "EXT 2005"]
[Source "ChessBase"]
[SourceDate "2004.11.15"]
[SourceVersion "1"]
[SourceVersionDate "2004.11.15"]
[SourceQuality "1"]

1. c4 g6 2. g3 Bg7 3. Bg2 Nc6 4. Nc3 e6 5. e3 Nf6 6. d4 0-0 7. b3 d5 8. Nge2 Re8 9. 0-0 Bd7 10. cxd5 exd5 11. Nxd5 Nxd5 12. Bxd5 Bf5 13. Bg2 Nb4 14. a3 Nc2 15. Ra2 c6 16. Rxc2 Bxc2 17. Qxc2 Qb6 18. Nc3 Rad8 19. Na4 Qc7 20. Bb2 Qd6 21. Qc5 b6 22. Qxc6 Qxc6 23. Bxc6 Re7 24. b4 Rc7 25. b5 a6 26. Nxb6 axb5 27. Rc1 Rd6 28. Nd5 Ra7 29. Nb4 Rc7 30. Kg2 Kf8 31. Bxb5 Rxc1 32. Bxc1 Rb6 33. a4 Ke7 34. Nc6+ Kf6 35. d5 g5 36. Bb2+ Kg6 37. Bxg7 Kxg7 38. Kf3 Kf6 39. Ke4 h5 40. f3 Rb7 41. Kd4 Kg7 42. e4 f6 43. Kc5 Kf7 44. a5 1-0

[Event "Bern op"]
[Site "Bern"]
[Date "2004.02.12"]
[Round "2"]
[White "Habiger, Gerhard"]
[Black "Zuercher, Ulrich"]
[Result "1-0"]
[WhiteElo "1859"]
[BlackElo "1630"]
[PlyCount "127"]
[EventDate "2004.02.??"]
[EventType "swiss"]
[EventRounds "7"]
[EventCountry "SUI"]
[SourceTitle "EXT 2005"]
[Source "ChessBase"]
[SourceDate "2004.11.15"]
[SourceVersion "1"]
[SourceVersionDate "2004.11.15"]
[SourceQuality "1"]

1. d4 Nf6 2. Nf3 g6 3. c4 Bg7 4. Nc3 0-0 5. e4 d6 6. Bd3 Nc6 7. a3 Bg4 8. Be2 Na5 9. b4 Bxf3 10. gxf3 Nc6 11. Be3 e5 12. d5 Ne7 13. c5 Nh5 14. Qb3 f5 15. Rc1 f4 16. Bd2 Kh8 17. 0-0 c6 18. Rfd1 cxd5 19. exd5 Nf5 20. Ne4 Nf6 21. Bc3 Nxe4 22. fxe4 Nh4 23. Kh1 f3 24. Bf1 Bh6 25. Bd2 Bf4 26. Rc3 Qg5 27. Bxf4 Qxf4 28. Qc2 Qg4 29. cxd6 Rfc8 30. Rc7 Rd8 31. d7 Rxd7 32. Rc8+ Rd8 33. Rxa8 Rxa8 34. Rc1 Qd7 35. Qc3 Qd6 36. Qc7 Qf6 37. d6 Rd8 38. d7 Kg7 39. Qxb7 Qd6 40. Bh3 Qd2 41. Rf1 Qd4 42. Qc7 Qb6 43. Qxe5+ Qf6 44. Qxf6+ Kxf6 45. Rc1 h5 46. Rc8 Ke7 47. Rc7 g5 48. Rxa7 g4 49. Bf1 Rxd7 50. Rxd7+ Kxd7 51. a4 Ng6 52. h3 Ne5 53. Kh2 h4 54. hxg4 Nxg4+ 55. Kg1 Kd6 56. b5 Kc5 57. a5 Nf6 58. e5 Nd7 59. e6 Nf6 60. a6 Kb6 61. e7 Ne8 62. Bc4 Nd6 63. Bf7 Kxb5 64. a7 1-0

[Event "Bern op"]
[Site "Bern"]
[Date "2004.02.12"]
[Round "1"]
[White "Zuercher, Ulrich"]
[Black "Nabavi, Parwis"]
[Result "0-1"]
[WhiteElo "1630"]
[BlackElo "2122"]
[PlyCount "64"]
[EventDate "2004.02.??"]
[EventType "swiss"]
[EventRounds "7"]
[EventCountry "SUI"]
[SourceTitle "EXT 2005"]
[Source "ChessBase"]
[SourceDate "2004.11.15"]
[SourceVersion "1"]
[SourceVersionDate "2004.11.15"]
[SourceQuality "1"]

1. d4 Nf6 2. c4 g6 3. Nc3 Bg7 4. e4 d6 5. Nf3 0-0 6. Be2 e5 7. dxe5 dxe5 8. Qxd8 Rxd8 9. Nxe5 Nxe4 10. Nxe4 Bxe5 11. 0-0 Nc6 12. Bg5 Re8 13. Bf6 Bf5 14. Bxe5 Rxe5 15. Ng3 Nd4 16. Bd1 Bd3 17. f4 Re7 18. Rf2 Re1+ 19. Nf1 Bxc4 20. Rc1 Be2 21. Bxe2 Nxe2+ 22. Rxe2 Rxe2 23. Rxc7 Rxb2 24. h3 Re8 25. Ng3 Re1+ 26. Kh2 h5 27. h4 Ra1 28. Ne4 Raxa2 29. Nf6+ Kg7 30. Ne8+ Kf8 31. Nd6 Rxg2+ 32. Kh3 Rgd2 0-1